Introduction to Computing System: from Bits and Gates to C and Beyond (Record no. 3742)

MARC details
005 - DATE AND TIME OF LATEST TRANSACTION
control field 20250611114832.0
020 ## - INTERNATIONAL STANDARD BOOK NUMBER
International Standard Book Number 0-07-246750-9
100 ## - MAIN ENTRY--PERSONAL NAME
Author name PATT, Y.N
245 ## - TITLE STATEMENT
Title Introduction to Computing System: from Bits and Gates to C and Beyond
250 ## - EDITION STATEMENT
Edition statement 2nd Ed
260 ## - PUBLICATION, DISTRIBUTION, ETC.
Place of publication, distribution, etc. New York
Name of publisher, distributor, etc. Higher Education
Date of publication, distribution, etc. 2004
300 ## - PHYSICAL DESCRIPTION
Extent xxiii, 631p.:ill; Graph, Table
Other physical details Index
Dimensions 23cm
700 ## - ADDED ENTRY--PERSONAL NAME
Other authors/Editors PATER, S. J
942 ## - ADDED ENTRY ELEMENTS (KOHA)
Source of classification or shelving scheme Dewey Decimal Classification
Koha item type Books
Holdings
Date last seen Total checkouts Full call number Barcode Cost, replacement price Price effective from Koha item type Lost status Source of classification or shelving scheme Damaged status Not for loan Withdrawn status Home library Current library Shelving location Date acquired Source of acquisition Cost, normal purchase price
06/11/2025   004 PAT MBY000140 126000.00 06/11/2025 Books   Dewey Decimal Classification       CBE MBEYA CBE MBEYA Special Reserve Collection 04/17/2007 Purchase 42000.00
06/28/2025   004 PAT MBY000764 126000.00 06/28/2025 Books   Dewey Decimal Classification       CBE MBEYA CBE MBEYA General Collection 04/17/2007 PURCHASE 42000.00